GC/Works/4 1998 : contract for building, civil engineering, mechanical and electrical small works : general conditions. (Record no. 97022)
[ view plain ]
| 000 -LEADER | |
|---|---|
| fixed length control field | 00786cam a2200205 4500 |
| 008 - FIXED-LENGTH DATA ELEMENTS--GENERAL INFORMATION | |
| fixed length control field | 090401t1998 xxu||||| |||| 00| 0 eng d |
| 020 ## - INTERNATIONAL STANDARD BOOK NUMBER | |
| International Standard Book Number | 0117021547 |
| 035 ## - SYSTEM CONTROL NUMBER | |
| System control number | (Sirsi) u85208 |
| 041 ## - LANGUAGE CODE | |
| Language code of text/sound track or separate title | eng |
| 050 ## - LIBRARY OF CONGRESS CALL NUMBER | |
| Classification number | 692.8 |
| 110 ## - MAIN ENTRY--CORPORATE NAME | |
| Corporate name or jurisdiction name as entry element | Property Advisers to the Civil Estate |
| 9 (RLIN) | 3610 |
| 245 ## - TITLE STATEMENT | |
| Title | GC/Works/4 1998 : contract for building, civil engineering, mechanical and electrical small works : general conditions. |
| 250 ## - EDITION STATEMENT | |
| Edition statement | (New ed.) |
| 260 ## - PUBLICATION, DISTRIBUTION, ETC. | |
| Place of publication, distribution, etc. | London |
| Name of publisher, distributor, etc. | Stationery Office |
| Date of publication, distribution, etc. | 1998 |
| 300 ## - PHYSICAL DESCRIPTION | |
| Extent | vi,29p. ; 30cm. |
| 350 ## - PRICE (NR) (BK AM CF MU VM SE) [OBSOLETE] | |
| Price | 30 |
| 520 ## - SUMMARY, ETC. | |
| Summary, etc. | For Model Forms and Commentary see M91175. Replaces C1001 (1990). General purpose contract aimed at small works projects including building, civil engineering, mechanical and electrical services. |
| 942 ## - ADDED ENTRY ELEMENTS (KOHA) | |
| Suppress in OPAC | 0 |
| 948 ## - LOCAL PROCESSING INFORMATION (OCLC); SERIES PART DESIGNATOR (RLIN) | |
| c (OCLC) | 26/03/1998 |
| Withdrawn status | Lost status | Source of classification or shelving scheme | Damaged status | Not for loan | Home library | Current library | Shelving location | Date acquired | Cost, normal purchase price | Total Checkouts | Full call number | Barcode | Date last seen | Date last checked out | Copy number | Cost, replacement price | Price effective from | Koha item type |
|---|---|---|---|---|---|---|---|---|---|---|---|---|---|---|---|---|---|---|
| Dewey Decimal Classification | London | London | Boxed set | 14/04/1998 | 15.00 | 7 | GCW 1998/4B | 30055230 | 06/08/2019 | 21/07/2004 | 1 | 15.00 | 06/08/2019 | Book |